000 00678nam0a22002531 4500
001 RU\NLR\INFOCOMM16\ROSSICA\1000467783
005 20250613185330.0
035 _a(NLR Aleph) 009885806
090 _a10494905
_c10494905
100 _a20030617d1824 |||y0rusy50 ca
101 0 _afre
102 _aRU
105 _ay ||||000ay
200 1 _aL'inondation (de St.Pétersbourg)
_ePièce de vers
_fAug. Saint-Thomas
210 _aSt.Pétersbourg
_d1824
215 _d
700 1 _aSaint-Thomas
_bA.
_gAug.
_4070
801 1 _aRU
_bInfoComm
_c20030617
801 0 _aRU
_bNLR
_gPSBO
852 _aNLR
_j13.9.2.221
942 _cBOOK
980 _aNB
980 _aRossica